000 00821nam a2200313 4500
001 01308900
003 DO-SdBNP
005 20180206103329.0
007 01308900
008 990826s1998 sp | ||| ||ast
016 7 _a
_2BPMSU
017 _aAS 2159-1998
_b
020 _a9687723106
035 _a
040 _aBPMUS
_bspa
_cBPMSU
_e
041 1 _aspa
_h
080 0 _a
100 1 _aSepúlveda, Luis
_d1949-
240 1 3 _l
245 1 3 _aUn viejo que leía novelas de amor /
_cLuis Sepúlveda ; traducción, Pilar F. Pravia
_h
_b
250 _a
260 _aMéxico :
_bTusquets,
_c1989
300 _a137 p.:
_c22 cm
490 _aAndanzas
_v180
830 _aAndanzas
_p
_v180
942 _2ddc
_cBK
945 _ainventariado, 2018 / dg
956 _a VMATEO
_210
_320160330
_6BPMSU
_80069
999 _c9444
_d9444